<?xml version="1.0" encoding="UTF-8"?>
<record
    xmlns:xsi="http://www.w3.org/2001/XMLSchema-instance"
    xsi:schemaLocation="http://www.loc.gov/MARC21/slim http://www.loc.gov/standards/marcxml/schema/MARC21slim.xsd"
    xmlns="http://www.loc.gov/MARC21/slim">

  <leader>00788cas a2200265 a 4500</leader>
  <datafield tag="999" ind1=" " ind2=" ">
    <subfield code="c">124658</subfield>
    <subfield code="d">124658</subfield>
  </datafield>
  <controlfield tag="001">11315504</controlfield>
  <controlfield tag="005">20220212115913.0</controlfield>
  <controlfield tag="008">830110c19829999nyuhr         0   a0eng c</controlfield>
  <datafield tag="020" ind1=" " ind2=" ">
    <subfield code="a">9781264258635</subfield>
  </datafield>
  <datafield tag="040" ind1=" " ind2=" ">
    <subfield code="c">PK-LaUMT</subfield>
  </datafield>
  <datafield tag="082" ind1="0" ind2="0">
    <subfield code="a">615.1</subfield>
    <subfield code="2">19</subfield>
    <subfield code="b">BAS-</subfield>
  </datafield>
  <datafield tag="245" ind1="0" ind2="0">
    <subfield code="a">Basic &amp; clinical pharmacology /</subfield>
    <subfield code="c">edited by Bertram G. Katzung and Todd W. Vanderah</subfield>
  </datafield>
  <datafield tag="250" ind1=" " ind2=" ">
    <subfield code="a">15th ed. [141510 to 141519 pirated]</subfield>
  </datafield>
  <datafield tag="260" ind1=" " ind2=" ">
    <subfield code="a">New York :</subfield>
    <subfield code="b">McGraw-Hill,</subfield>
    <subfield code="c">2021</subfield>
  </datafield>
  <datafield tag="300" ind1=" " ind2=" ">
    <subfield code="a">1311 p. :</subfield>
    <subfield code="b">illustrations ;</subfield>
    <subfield code="c">27 cm.</subfield>
  </datafield>
  <datafield tag="650" ind1=" " ind2="0">
    <subfield code="a">Pharmacology</subfield>
  </datafield>
  <datafield tag="650" ind1=" " ind2="0">
    <subfield code="a">Clinical pharmacology</subfield>
  </datafield>
  <datafield tag="650" ind1=" " ind2="7">
    <subfield code="a">Clinical pharmacology.</subfield>
  </datafield>
  <datafield tag="650" ind1=" " ind2="7">
    <subfield code="a">Pharmacology.</subfield>
  </datafield>
  <datafield tag="650" ind1="1" ind2="7">
    <subfield code="a">Farmacologie.</subfield>
  </datafield>
  <datafield tag="650" ind1=" " ind2="2">
    <subfield code="a">Pharmacology.</subfield>
  </datafield>
  <datafield tag="650" ind1=" " ind2="2">
    <subfield code="a">Pharmacology, Clinical.</subfield>
  </datafield>
  <datafield tag="700" ind1="1" ind2=" ">
    <subfield code="a">Katzung, Bertram G.,</subfield>
  </datafield>
  <datafield tag="942" ind1=" " ind2=" ">
    <subfield code="c">BK</subfield>
  </datafield>
  <datafield tag="952" ind1=" " ind2=" ">
    <subfield code="0">0</subfield>
    <subfield code="1">0</subfield>
    <subfield code="4">0</subfield>
    <subfield code="7">0</subfield>
    <subfield code="a">HSC</subfield>
    <subfield code="b">HSC</subfield>
    <subfield code="d">2021-11-12</subfield>
    <subfield code="l">6</subfield>
    <subfield code="o">615.1 BAS-</subfield>
    <subfield code="p">139280</subfield>
    <subfield code="r">2025-01-24 08:29:18</subfield>
    <subfield code="s">2025-01-10</subfield>
    <subfield code="w">2021-11-12</subfield>
    <subfield code="y">BK</subfield>
  </datafield>
  <datafield tag="952" ind1=" " ind2=" ">
    <subfield code="0">0</subfield>
    <subfield code="1">0</subfield>
    <subfield code="4">0</subfield>
    <subfield code="7">0</subfield>
    <subfield code="a">HSC</subfield>
    <subfield code="b">HSC</subfield>
    <subfield code="d">2022-02-12</subfield>
    <subfield code="l">2</subfield>
    <subfield code="m">1</subfield>
    <subfield code="o">615.1 BAS-</subfield>
    <subfield code="p">141510</subfield>
    <subfield code="r">2025-05-30 12:38:24</subfield>
    <subfield code="s">2025-05-30</subfield>
    <subfield code="t">C.2</subfield>
    <subfield code="w">2022-02-12</subfield>
    <subfield code="y">BK</subfield>
  </datafield>
  <datafield tag="952" ind1=" " ind2=" ">
    <subfield code="0">0</subfield>
    <subfield code="1">0</subfield>
    <subfield code="4">0</subfield>
    <subfield code="7">0</subfield>
    <subfield code="a">HSC</subfield>
    <subfield code="b">HSC</subfield>
    <subfield code="d">2022-02-12</subfield>
    <subfield code="l">0</subfield>
    <subfield code="o">615.1 BAS-</subfield>
    <subfield code="p">141511</subfield>
    <subfield code="r">2022-02-12 00:00:00</subfield>
    <subfield code="t">C.3</subfield>
    <subfield code="w">2022-02-12</subfield>
    <subfield code="y">BK</subfield>
  </datafield>
  <datafield tag="952" ind1=" " ind2=" ">
    <subfield code="0">0</subfield>
    <subfield code="1">0</subfield>
    <subfield code="4">0</subfield>
    <subfield code="7">0</subfield>
    <subfield code="a">HSC</subfield>
    <subfield code="b">HSC</subfield>
    <subfield code="d">2022-02-12</subfield>
    <subfield code="l">0</subfield>
    <subfield code="o">615.1 BAS-</subfield>
    <subfield code="p">141512</subfield>
    <subfield code="r">2022-02-12 00:00:00</subfield>
    <subfield code="t">C.4</subfield>
    <subfield code="w">2022-02-12</subfield>
    <subfield code="y">BK</subfield>
  </datafield>
  <datafield tag="952" ind1=" " ind2=" ">
    <subfield code="0">0</subfield>
    <subfield code="1">0</subfield>
    <subfield code="4">0</subfield>
    <subfield code="7">0</subfield>
    <subfield code="a">HSC</subfield>
    <subfield code="b">HSC</subfield>
    <subfield code="d">2022-02-12</subfield>
    <subfield code="l">0</subfield>
    <subfield code="o">615.1 BAS-</subfield>
    <subfield code="p">141513</subfield>
    <subfield code="r">2022-02-12 00:00:00</subfield>
    <subfield code="t">C.5</subfield>
    <subfield code="w">2022-02-12</subfield>
    <subfield code="y">BK</subfield>
  </datafield>
  <datafield tag="952" ind1=" " ind2=" ">
    <subfield code="0">0</subfield>
    <subfield code="1">0</subfield>
    <subfield code="4">0</subfield>
    <subfield code="7">0</subfield>
    <subfield code="a">HSC</subfield>
    <subfield code="b">HSC</subfield>
    <subfield code="d">2022-02-12</subfield>
    <subfield code="l">0</subfield>
    <subfield code="o">615.1 BAS-</subfield>
    <subfield code="p">141514</subfield>
    <subfield code="r">2022-02-12 00:00:00</subfield>
    <subfield code="t">C.6</subfield>
    <subfield code="w">2022-02-12</subfield>
    <subfield code="y">BK</subfield>
  </datafield>
  <datafield tag="952" ind1=" " ind2=" ">
    <subfield code="0">0</subfield>
    <subfield code="1">0</subfield>
    <subfield code="4">0</subfield>
    <subfield code="7">0</subfield>
    <subfield code="a">HSC</subfield>
    <subfield code="b">HSC</subfield>
    <subfield code="d">2022-02-12</subfield>
    <subfield code="l">0</subfield>
    <subfield code="o">615.1 BAS-</subfield>
    <subfield code="p">141515</subfield>
    <subfield code="r">2022-02-12 00:00:00</subfield>
    <subfield code="t">C.7</subfield>
    <subfield code="w">2022-02-12</subfield>
    <subfield code="y">BK</subfield>
  </datafield>
  <datafield tag="952" ind1=" " ind2=" ">
    <subfield code="0">0</subfield>
    <subfield code="1">0</subfield>
    <subfield code="4">0</subfield>
    <subfield code="7">0</subfield>
    <subfield code="a">HSC</subfield>
    <subfield code="b">HSC</subfield>
    <subfield code="d">2022-02-12</subfield>
    <subfield code="l">0</subfield>
    <subfield code="o">615.1 BAS-</subfield>
    <subfield code="p">141516</subfield>
    <subfield code="r">2022-02-12 00:00:00</subfield>
    <subfield code="t">C.8</subfield>
    <subfield code="w">2022-02-12</subfield>
    <subfield code="y">BK</subfield>
  </datafield>
  <datafield tag="952" ind1=" " ind2=" ">
    <subfield code="0">0</subfield>
    <subfield code="1">0</subfield>
    <subfield code="4">0</subfield>
    <subfield code="7">0</subfield>
    <subfield code="a">HSC</subfield>
    <subfield code="b">HSC</subfield>
    <subfield code="d">2022-02-12</subfield>
    <subfield code="l">1</subfield>
    <subfield code="o">615.1 BAS-</subfield>
    <subfield code="p">141517</subfield>
    <subfield code="r">2025-06-02 15:49:05</subfield>
    <subfield code="s">2025-05-30</subfield>
    <subfield code="t">C.9</subfield>
    <subfield code="w">2022-02-12</subfield>
    <subfield code="y">BK</subfield>
  </datafield>
  <datafield tag="952" ind1=" " ind2=" ">
    <subfield code="0">0</subfield>
    <subfield code="1">0</subfield>
    <subfield code="4">0</subfield>
    <subfield code="7">0</subfield>
    <subfield code="a">HSC</subfield>
    <subfield code="b">HSC</subfield>
    <subfield code="d">2022-02-12</subfield>
    <subfield code="l">0</subfield>
    <subfield code="o">615.1 BAS-</subfield>
    <subfield code="p">141518</subfield>
    <subfield code="r">2022-02-12 00:00:00</subfield>
    <subfield code="t">C.10</subfield>
    <subfield code="w">2022-02-12</subfield>
    <subfield code="y">BK</subfield>
  </datafield>
  <datafield tag="952" ind1=" " ind2=" ">
    <subfield code="0">0</subfield>
    <subfield code="1">0</subfield>
    <subfield code="4">0</subfield>
    <subfield code="7">0</subfield>
    <subfield code="a">HSC</subfield>
    <subfield code="b">HSC</subfield>
    <subfield code="d">2022-02-12</subfield>
    <subfield code="l">2</subfield>
    <subfield code="o">615.1 BAS-</subfield>
    <subfield code="p">141519</subfield>
    <subfield code="r">2023-12-04 00:00:00</subfield>
    <subfield code="s">2023-12-04</subfield>
    <subfield code="t">C.11</subfield>
    <subfield code="w">2022-02-12</subfield>
    <subfield code="y">BK</subfield>
  </datafield>
</record>
